Cast of All That Quiz Stats

 Plays Quiz not verified by Sporcle

Challenge
Share
Tweet
Embed
Score 0/31 Timer 10:00
0 Plays Today
Cast % Correct
Amanda Bynes
77.3%
Kenan Thompson
77.3%
Kel Mitchell
75%
Lori Beth Denberg
45.5%
Josh Server
43.2%
Angelique Bates
38.6%
Jamie Lynn Spears
36.4%
Nick Cannon
34.1%
Lisa Foiles
31.8%
Danny Tamberelli
31.8%
Chelsea Brummet
27.3%
Jack DeSena
27.3%
Kyle Sullivan
27.3%
Katrina Johnson
22.7%
Shane Lyons
22.7%
Alisa Reyes
22.7%
Cast % Correct
Giovonnie Samuels
22.7%
Christina Kirkman
20.5%
Christy Knowings
20.5%
Mark Saul
20.5%
Bryan Hearne
15.9%
Denzel Whitaker
15.9%
Kianna Underwood
15.9%
Ryan Coleman
13.6%
Tricia Dickson
13.6%
Gabriel Iglesias
13.6%
Lisa Frierson
11.4%
Lil' JJ
6.8%
Kevin Kopelow
6.8%
Zack McLemore
4.5%
Victor-Cohn Lopez
2.3%

You're not logged in!

Compare scores with friends on all Sporcle quizzes.
OR
Log In

You Might Also Like...

Show Comments

Extras

Created Aug 12, 2010SourceReportNominate
Tags:Cast Quiz, All That, season

Top Quizzes Today


Score Distribution

Your Account Isn't Verified!

In order to create a playlist on Sporcle, you need to verify the email address you used during registration. Go to your Sporcle Settings to finish the process.

Report this User

Report this user for behavior that violates our Community Guidelines.

Details: